000 00631nam a22002177a 4500
005 20260203074314.0
008 260202b |||||||| |||| 00| 0 eng d
020 _a9788119679232
040 _aIN-DiNC
_cIN-DiNC
041 _dasm
082 _a320.954
_bGOH
100 _aGohain, Nabin
_eauthor
245 _aBharatiya rajnitir parichay (Minor2)/
_cby Nabin Gohain, Pankaj Bora and Pranjit Saikia
250 _a1st ed.
260 _aJorhat:
_bBidya bhawan,
_c2024.
300 _a324p.
650 _aIntroduction to Indian politics
700 _aBora, Pankaj
_eauthor
700 _aSaikia, Pranjit
_eauthor
942 _2ddc
_cBK
999 _c12304
_d12304